[Event "Muensterland Verbandsliga 1617"]
[Site "Germany"]
[Date "2017.01.28"]
[Round "6.6"]
[White "Lutterbey, Ralf"]
[Black "Wensing, Maximilian"]
[Result "0-1"]
[WhiteElo "1903"]
[BlackElo "1850"]
[PlyCount "56"]
[EventDate "2016.09.10"]
[EventType "team"]
[EventRounds "9"]
[EventCountry "GER"]
[SourceTitle "EXT 2018"]
[Source "ChessBase"]
[SourceDate "2017.10.13"]
[SourceVersion "1"]
[SourceVersionDate "2017.10.13"]
[SourceQuality "1"]
[WhiteTeam "Saerbeck"]
[BlackTeam "Ahaus Wessum"]
[WhiteTeamCountry "GER"]
[BlackTeamCountry "GER"]

1. e4 c5 2. Nf3 d6 3. d4 cxd4 4. Nxd4 Nf6 5. Nc3 a6 6. Be2 e5 7. Nb3 Be7 8. 0-0 0-0 9. a4 Be6 10. Be3 Nbd7 11. f3 Nb6 12. Nd2 Rc8 13. a5 Na8 14. Na4 d5 15. Nb6 Nxb6 16. Bxb6 Bc5+ 17. Bxc5 Rxc5 18. Nb3 Rc6 19. exd5 Nxd5 20. Qd2 Nf4 21. Rfd1 Qg5 22. Bf1 Rfc8 23. g3 Rxc2 24. Qb4 Ne2+ 25. Bxe2 Qe3+ 26. Kh1 Qxe2 27. Rd2 Qxf3+ 28. Kg1 Qe3+ 0-1

[Event "GER-chT Betriebe 16th"]
[Site "Dresden"]
[Date "2016.11.05"]
[Round "5.2"]
[White "Schmidt, Joerg4"]
[Black "Lutterbey, Ralf"]
[Result "0-1"]
[WhiteElo "1736"]
[BlackElo "1903"]
[PlyCount "72"]
[EventDate "2016.11.03"]
[EventType "team-swiss"]
[EventRounds "7"]
[EventCountry "GER"]
[SourceTitle "EXT 2020"]
[Source "ChessBase"]
[SourceDate "2019.10.17"]
[SourceVersion "1"]
[SourceVersionDate "2019.10.17"]
[SourceQuality "1"]
[WhiteTeam "Berlin Tempelhof II"]
[BlackTeam "Frankfurt Commerzbank II"]
[WhiteTeamCountry "GER"]
[BlackTeamCountry "GER"]

1. e4 d5 2. exd5 Qxd5 3. Nc3 Qa5 4. d4 e5 5. Qh5 Nc6 6. d5 Nf6 7. Qd1 Nd4 8. Bd2 Bf5 9. Bd3 Bxd3 10. cxd3 0-0-0 11. Nge2 Nxd5 12. Nxd4 exd4 13. Qg4+ Kb8 14. Qxd4 Bc5 15. Qc4 Rhe8+ 16. Ne4 Bb4 17. 0-0-0 Bxd2+ 18. Rxd2 Nb6 19. Qc3 Qxa2 20. b3 Qa3+ 21. Kb1 Nd5 22. Qc4 Nb6 23. Qc3 Nd5 24. Qc4 Re6 25. Ra2 Qb4 26. Rc1 Qxc4 27. Rxc4 Nb6 28. Rc3 f5 29. Ng3 g6 30. Re2 Rxe2 31. Nxe2 c6 32. d4 Re8 33. Rc2 Nd5 34. Kb2 Kc7 35. h4 Nb4 36. Rd2 Nd3+ 0-1

[Event "Muensterland Verbandsliga 1516"]
[Site "Germany"]
[Date "2016.01.16"]
[Round "5.5"]
[White "Lutterbey, Ralf"]
[Black "Noering, Andreas"]
[Result "1/2-1/2"]
[WhiteElo "1882"]
[BlackElo "1839"]
[PlyCount "39"]
[EventDate "2015.09.12"]
[EventType "team"]
[EventRounds "9"]
[EventCountry "GER"]
[SourceTitle "EXT 2017"]
[Source "ChessBase"]
[SourceDate "2016.10.25"]
[SourceVersion "1"]
[SourceVersionDate "2016.10.25"]
[SourceQuality "1"]
[WhiteTeam "Saerbeck"]
[BlackTeam "Emsdetten Rochade II"]
[WhiteTeamCountry "GER"]
[BlackTeamCountry "GER"]

1. e4 c6 2. d4 d5 3. c4 dxe4 4. Nc3 Nf6 5. f3 exf3 6. Nxf3 Bg4 7. Be3 Nbd7 8. Be2 e6 9. 0-0 Bd6 10. Qb3 Qb6 11. Qc2 Qc7 12. h3 Bf5 13. Bd3 Bxd3 14. Qxd3 0-0 15. Ng5 h6 16. Nge4 Nxe4 17. Nxe4 f5 18. Nxd6 Qxd6 19. Rad1 Rae8 20. Qb3 1/2-1/2

[Event "GER-chT Betriebe 15th"]
[Site "Munich"]
[Date "2015.10.24"]
[Round "5.2"]
[White "Lutterbey, Ralf"]
[Black "Demir, Bilal"]
[Result "0-1"]
[WhiteElo "1882"]
[BlackElo "2099"]
[PlyCount "62"]
[EventDate "2015.10.22"]
[EventType "team-swiss"]
[EventRounds "7"]
[EventCountry "GER"]
[SourceTitle "EXT 2020"]
[Source "ChessBase"]
[SourceDate "2019.10.17"]
[SourceVersion "1"]
[SourceVersionDate "2019.10.17"]
[SourceQuality "1"]
[WhiteTeam "Frankfurt Commerzbank"]
[BlackTeam "Berlin Osram"]
[WhiteTeamCountry "GER"]
[BlackTeamCountry "GER"]

1. e4 e5 2. Bc4 Nf6 3. d4 exd4 4. Nf3 Nc6 5. 0-0 d6 6. Nxd4 Be7 7. Nc3 0-0 8. f3 Ne5 9. Bb3 c5 10. Nde2 c4 11. Ba4 a6 12. Be3 b5 13. Nxb5 axb5 14. Bxb5 Bd7 15. Nd4 Bxb5 16. Nxb5 d5 17. exd5 Nxd5 18. Bf2 Qd7 19. Re1 Bf6 20. a4 Rfd8 21. Bd4 Nc6 22. Bxf6 Nxf6 23. Qxd7 Rxd7 24. Kf2 Kf8 25. Re3 Nb4 26. Re2 Nfd5 27. b3 Nf4 28. Re4 Nxc2 29. Rb1 Nd3+ 30. Kg3 cxb3 31. Rxb3 Nc5 0-1

[Event "GER-chT Betriebe 15th"]
[Site "Munich"]
[Date "2015.10.23"]
[Round "3.3"]
[White "Mueller, Joerg"]
[Black "Lutterbey, Ralf"]
[Result "1-0"]
[WhiteElo "2112"]
[BlackElo "1882"]
[PlyCount "91"]
[EventDate "2015.10.22"]
[EventType "team-swiss"]
[EventRounds "7"]
[EventCountry "GER"]
[SourceTitle "EXT 2020"]
[Source "ChessBase"]
[SourceDate "2019.10.17"]
[SourceVersion "1"]
[SourceVersionDate "2019.10.17"]
[SourceQuality "1"]
[WhiteTeam "Hamburg Rapid Unilever"]
[BlackTeam "Frankfurt Commerzbank"]
[WhiteTeamCountry "GER"]
[BlackTeamCountry "GER"]

1. e4 d5 2. Nc3 d4 3. Nce2 c5 4. Ng3 Nc6 5. Nf3 e5 6. a3 Bd6 7. Bc4 h5 8. h3 h4 9. Nf1 Qe7 10. d3 Be6 11. Bg5 f6 12. Bxe6 Qxe6 13. Bxh4 g5 14. Bg3 Nge7 15. N3h2 0-0-0 16. Qg4 f5 17. exf5 Nxf5 18. Nd2 Kb8 19. Ne4 Bc7 20. Nxc5 Qd5 21. Ne4 Nxg3 22. Qxg3 Qa5+ 23. Ke2 Qb5 24. Rhb1 Rhf8 25. Kf1 Rf4 26. Kg1 Rg8 27. f3 Ne7 28. Qe1 Nd5 29. a4 Qc6 30. c4 Ne3 31. Qd2 Qd7 32. b4 g4 33. Nxg4 Nxg4 34. fxg4 Qh7 35. Rf1 Qh4 36. Rxf4 exf4 37. Qf2 Qe7 38. c5 Qe5 39. Qf3 Qe6 40. Ra3 Qe7 41. a5 Qh4 42. Ra1 Qe7 43. a6 b6 44. Kh1 Rg6 45. Nf6 Bd8 46. Nd5 1-0

[Event "GER-chT Betriebe 15th"]
[Site "Munich"]
[Date "2015.10.22"]
[Round "2.3"]
[White "Lutterbey, Ralf"]
[Black "Diehm, Alexander"]
[Result "1/2-1/2"]
[WhiteElo "1882"]
[BlackElo "2030"]
[PlyCount "45"]
[EventDate "2015.10.22"]
[EventType "team-swiss"]
[EventRounds "7"]
[EventCountry "GER"]
[SourceTitle "EXT 2020"]
[Source "ChessBase"]
[SourceDate "2019.10.17"]
[SourceVersion "1"]
[SourceVersionDate "2019.10.17"]
[SourceQuality "1"]
[WhiteTeam "Frankfurt Commerzbank"]
[BlackTeam "DekaBank DGZ"]
[WhiteTeamCountry "GER"]
[BlackTeamCountry "GER"]

1. e4 c5 2. Nf3 Nc6 3. Nc3 d6 4. Bc4 Nf6 5. h3 a6 6. a4 Nd7 7. d4 cxd4 8. Nxd4 Nce5 9. Be2 e6 10. 0-0 Be7 11. Be3 0-0 12. f4 Nc6 13. a5 Nxa5 14. b4 Nc6 15. b5 Nxd4 16. Bxd4 Bf6 17. Kh2 e5 18. fxe5 Bxe5+ 19. g3 Qg5 20. Rf3 Nf6 21. Qd3 Qh5 22. Rf5 Qh6 23. Be3 1/2-1/2

[Event "GER-chT Betriebe 15th"]
[Site "Munich"]
[Date "2015.10.22"]
[Round "1.3"]
[White "Milak, Adela"]
[Black "Lutterbey, Ralf"]
[Result "0-1"]
[WhiteElo "1658"]
[BlackElo "1882"]
[PlyCount "76"]
[EventDate "2015.10.22"]
[EventType "team-swiss"]
[EventRounds "7"]
[EventCountry "GER"]
[SourceTitle "EXT 2020"]
[Source "ChessBase"]
[SourceDate "2019.10.17"]
[SourceVersion "1"]
[SourceVersionDate "2019.10.17"]
[SourceQuality "1"]
[WhiteTeam "Deutsches Patent und Markenamt"]
[BlackTeam "Frankfurt Commerzbank"]
[WhiteTeamCountry "GER"]
[BlackTeamCountry "GER"]

1. Nf3 d5 2. g3 c5 3. Bg2 Nc6 4. Nc3 Nf6 5. 0-0 g6 6. b3 Bg7 7. Bb2 Ne4 8. Na4 Bxb2 9. Nxb2 e6 10. Na4 b5 11. Nc3 Nxc3 12. dxc3 Bd7 13. Qd3 c4 14. Qe3 0-0 15. Qh6 Qf6 16. Qe3 Rfc8 17. Rad1 a5 18. bxc4 bxc4 19. Nd2 Ne7 20. g4 Rab8 21. Qa7 Ba4 22. Rb1 Ra8 23. Qe3 Bxc2 24. Rb2 Ba4 25. Rb7 Bc6 26. g5 Nf5 27. Qf4 Qxc3 28. Rb6 Qd4 29. Qxd4 Nxd4 30. e3 Ne2+ 31. Kh1 c3 32. Nb3 Rab8 33. Ra6 a4 34. Nc1 Bb5 35. Rxa4 Bxa4 36. Nxe2 Bb5 37. Bf3 Bxe2 38. Bxe2 c2 0-1

[Event "Muensterland Verbandsliga 1516"]
[Site "Germany"]
[Date "2015.09.12"]
[Round "1.6"]
[White "Woltering, Martin"]
[Black "Lutterbey, Ralf"]
[Result "0-1"]
[WhiteElo "1738"]
[BlackElo "1882"]
[PlyCount "32"]
[EventDate "2015.09.12"]
[EventType "team"]
[EventRounds "9"]
[EventCountry "GER"]
[SourceTitle "EXT 2017"]
[Source "ChessBase"]
[SourceDate "2016.10.25"]
[SourceVersion "1"]
[SourceVersionDate "2016.10.25"]
[SourceQuality "1"]
[WhiteTeam "Ahaus Wessum"]
[BlackTeam "Saerbeck"]
[WhiteTeamCountry "GER"]
[BlackTeamCountry "GER"]

1. e4 d5 2. exd5 Qxd5 3. Nc3 Qa5 4. d4 e5 5. dxe5 Nc6 6. Bb5 Bb4 7. Bd2 Bd7 8. Bxc6 Bxc6 9. Nf3 0-0-0 10. Qe2 Nh6 11. 0-0 Bxf3 12. gxf3 Nf5 13. Rad1 Nd4 14. Qe4 Qxe5 15. Bf4 Qxe4 16. fxe4 Bxc3 0-1

[Event "Muensterland Verbandsliga 1314"]
[Site "Germany"]
[Date "2014.04.05"]
[Round "8.6"]
[White "Lutterbey, Ralf"]
[Black "Broemmel, Rudolf"]
[Result "1/2-1/2"]
[WhiteElo "1885"]
[BlackElo "1883"]
[PlyCount "65"]
[EventDate "2013.09.07"]
[EventType "team-tourn"]
[EventRounds "9"]
[EventCountry "GER"]
[SourceTitle "EXT 2015"]
[Source "ChessBase"]
[SourceDate "2014.11.20"]
[SourceVersion "1"]
[SourceVersionDate "2014.11.20"]
[SourceQuality "1"]
[WhiteTeam "Saerbeck"]
[BlackTeam "Raesfeld Erle"]
[WhiteTeamCountry "GER"]
[BlackTeamCountry "GER"]

1. e4 c5 2. Nf3 Nc6 3. d4 cxd4 4. Nxd4 e5 5. Nxc6 bxc6 6. Bc4 Ba6 7. Qd3 Bxc4 8. Qxc4 Qh4 9. Be3 Nf6 10. Nd2 Ng4 11. Bc5 Bxc5 12. Qxc5 Qe7 13. Qc3 Rb8 14. f3 Nh6 15. 0-0-0 f6 16. Nc4 Nf7 17. Rd2 0-0 18. Rhd1 Rb7 19. Nd6 Nxd6 20. Rxd6 Rc8 21. Qc4+ Kf8 22. g4 Rcc7 23. h4 Qf7 24. Qxf7+ Kxf7 25. b3 Ke7 26. c4 a5 27. Kc2 a4 28. R6d3 axb3+ 29. axb3 Ra7 30. Kb2 Rc8 31. Rg1 Rf8 32. h5 h6 33. Rf1 1/2-1/2

[Event "Muensterland Verbandsliga 1314"]
[Site "Germany"]
[Date "2013.09.07"]
[Round "1.6"]
[White "Lutterbey, Ralf"]
[Black "Niewerth, Gerd"]
[Result "1-0"]
[WhiteElo "1885"]
[BlackElo "1772"]
[PlyCount "43"]
[EventDate "2013.09.07"]
[EventType "team-tourn"]
[EventRounds "9"]
[EventCountry "GER"]
[SourceTitle "EXT 2015"]
[Source "ChessBase"]
[SourceDate "2014.11.20"]
[SourceVersion "1"]
[SourceVersionDate "2014.11.20"]
[SourceQuality "1"]
[WhiteTeam "Saerbeck"]
[BlackTeam "Heiden"]
[WhiteTeamCountry "GER"]
[BlackTeamCountry "GER"]

1. e4 c6 2. d4 d5 3. c4 dxe4 4. Nc3 Nf6 5. f3 exf3 6. Nxf3 e6 7. Bg5 Be7 8. Bd3 Nbd7 9. 0-0 h6 10. Bh4 0-0 11. Bc2 Re8 12. Qd3 Nf8 13. Rae1 N6d7 14. Bg3 Bf6 15. Ne4 Ng6 16. Nxf6+ Nxf6 17. Ne5 Nf8 18. Rxf6 gxf6 19. Bh4 Qe7 20. Rf1 fxe5 21. Bxe7 Rxe7 22. Qg3+ 1-0

[Event "Muensterland Verbandsklasse-B 1213"]
[Site "Germany"]
[Date "2012.12.15"]
[Round "4.7"]
[White "Dolle, Stephan"]
[Black "Lutterbey, Ralf"]
[Result "0-1"]
[WhiteElo "1683"]
[BlackElo "1862"]
[PlyCount "102"]
[EventDate "2012.09.15"]
[EventType "team-tourn"]
[EventRounds "9"]
[EventCountry "GER"]
[SourceTitle "EXT 2015"]
[Source "ChessBase"]
[SourceDate "2014.11.20"]
[SourceVersion "1"]
[SourceVersionDate "2014.11.20"]
[SourceQuality "1"]
[WhiteTeam "Heiden II"]
[BlackTeam "Saerbeck"]
[WhiteTeamCountry "GER"]
[BlackTeamCountry "GER"]

1. d4 d5 2. c4 Nf6 3. cxd5 Nxd5 4. e4 Nf6 5. Nc3 e6 6. Be3 c6 7. Be2 Bb4 8. f3 0-0 9. a3 Be7 10. f4 Nbd7 11. Bf3 a6 12. Nge2 b5 13. 0-0 Bb7 14. b4 a5 15. Qb3 Nb6 16. Na2 Nc4 17. Rfc1 axb4 18. Nxb4 Qa5 19. Bf2 Nd2 20. Qb2 Ndxe4 21. Nxc6 Bxc6 22. Rxc6 Nxf2 23. Kxf2 b4 24. Rc5 Bxc5 25. Bxa8 Rxa8 26. dxc5 Qxc5+ 27. Qd4 Qxd4+ 28. Nxd4 Rxa3 29. Rc1 h6 30. Rc8+ Kh7 31. Rb8 Nd5 32. g3 Ra2+ 33. Kg1 Rd2 34. Nc6 Kg6 35. Nxb4 Rb2 36. Nc6 Rxb8 37. Nxb8 Kf5 38. Nc6 h5 39. Kf2 h4 40. Ne5 f6 41. Nf3 Kg4 42. Nd4 e5 43. fxe5 fxe5 44. Nf3 hxg3+ 45. hxg3 e4 46. Nh2+ Kh3 47. Nf1 g5 48. Ke2 Kg2 49. Ke1 Nc3 50. g4 Kf3 51. Kd2 Nb1+ 0-1

[Event "Muensterland Verbandsliga 1112"]
[Site "Germany"]
[Date "2011.12.17"]
[Round "4.8"]
[White "Vestrick, Frank"]
[Black "Lutterbey, Ralf"]
[Result "1-0"]
[WhiteElo "1606"]
[BlackElo "1871"]
[PlyCount "35"]
[EventDate "2011.09.24"]
[EventType "team-tourn"]
[EventRounds "9"]
[EventCountry "GER"]
[SourceTitle "EXT 2013"]
[Source "ChessBase"]
[SourceDate "2012.11.22"]
[SourceVersion "1"]
[SourceVersionDate "2012.11.22"]
[SourceQuality "1"]
[WhiteTeam "Heiden"]
[BlackTeam "Saerbeck"]
[WhiteTeamCountry "GER"]
[BlackTeamCountry "GER"]

1. d4 d5 2. c4 Nf6 3. Nf3 h6 4. Nc3 e6 5. e3 a6 6. a4 Bb4 7. Bd2 0-0 8. Rc1 c5 9. cxd5 cxd4 10. Nxd4 Nxd5 11. Be2 Nxc3 12. Bxc3 Qa5 13. 0-0 Rd8 14. Qb3 Bxc3 15. Rxc3 Nd7 16. Rfc1 Nb6 17. Rc5 Qd2 18. Qxb6 1-0

[Event "Muensterland Verbandsliga 1112"]
[Site "Germany"]
[Date "2011.10.15"]
[Round "2.7"]
[White "Lutterbey, Ralf"]
[Black "Sandmann, Sebastian"]
[Result "1-0"]
[WhiteElo "1871"]
[BlackElo "1669"]
[PlyCount "57"]
[EventDate "2011.09.24"]
[EventType "team-tourn"]
[EventRounds "9"]
[EventCountry "GER"]
[SourceTitle "EXT 2013"]
[Source "ChessBase"]
[SourceDate "2012.11.22"]
[SourceVersion "1"]
[SourceVersionDate "2012.11.22"]
[SourceQuality "1"]
[WhiteTeam "Saerbeck"]
[BlackTeam "Ostbevern Westbevern"]
[WhiteTeamCountry "GER"]
[BlackTeamCountry "GER"]

1. e4 e5 2. Bc4 Nf6 3. d4 exd4 4. e5 Qe7 5. Nf3 d6 6. 0-0 dxe5 7. Re1 Nc6 8. Bb5 Nd7 9. b3 Qc5 10. a4 Bd6 11. Ba3 Qb6 12. Bxc6 bxc6 13. Nxd4 0-0 14. Nf5 c5 15. Qg4 g6 16. Nc3 Nf6 17. Qg5 Bxf5 18. Qxf6 Bxc2 19. Nd5 Qxb3 20. Rxe5 Rfe8 21. Rh5 gxh5 22. Bb2 Be5 23. Bxe5 Rxe5 24. Qxe5 Rd8 25. Nf6+ Kf8 26. Nxh5 Rd1+ 27. Rxd1 Bxd1 28. Qxc5+ Kg8 29. Qg5+ 1-0

[Event "Muensterland Verbandsliga 0910"]
[Site "Germany"]
[Date "2009.11.28"]
[Round "3.6"]
[White "Wessel, Johannes"]
[Black "Lutterbey, Ralf"]
[Result "1-0"]
[WhiteElo "1844"]
[BlackElo "1913"]
[PlyCount "51"]
[EventDate "2009.09.26"]
[EventType "team-tourn"]
[EventRounds "9"]
[EventCountry "GER"]
[SourceTitle "EXT 2011"]
[Source "ChessBase"]
[SourceDate "2010.11.26"]
[SourceVersion "1"]
[SourceVersionDate "2010.11.26"]
[SourceQuality "1"]
[WhiteTeam "Steinfurt"]
[BlackTeam "Saerbeck"]
[WhiteTeamCountry "GER"]
[BlackTeamCountry "GER"]

1. e4 d5 2. e5 d4 3. f4 c5 4. Bc4 e6 5. Nf3 Nc6 6. d3 Be7 7. Nbd2 h5 8. Ne4 Nh6 9. Nfg5 Nf5 10. Qf3 Bd7 11. a4 a6 12. Bd2 b5 13. axb5 axb5 14. Rxa8 Qxa8 15. Bxb5 Qa1+ 16. Qd1 Qxb2 17. Bc4 Nb4 18. Bb3 Bb5 19. 0-0 g6 20. Nf6+ Kf8 21. Bxb4 cxb4 22. Qf3 Ne3 23. Qa8+ Kg7 24. Qb7 Nxf1 25. Qxe7 Kh6 26. Ng8+ 1-0

[Event "Muensterland Verbandsliga 0809"]
[Site "Germany"]
[Date "2009.02.28"]
[Round "7.5"]
[White "Lutterbey, Ralf"]
[Black "Mueller, Achim1"]
[Result "1-0"]
[WhiteElo "1885"]
[BlackElo "1836"]
[PlyCount "65"]
[EventDate "2008.09.20"]
[EventType "tourn"]
[EventRounds "9"]
[EventCountry "GER"]
[SourceTitle "EXT 2010"]
[Source "ChessBase"]
[SourceDate "2010.11.25"]
[SourceVersion "1"]
[SourceVersionDate "2010.11.25"]
[SourceQuality "1"]
[WhiteTeam "Saerbeck"]
[BlackTeam "Rheine Klein Berlin"]
[WhiteTeamCountry "GER"]
[BlackTeamCountry "GER"]

1. e4 c5 2. Nf3 d6 3. d4 cxd4 4. Nxd4 Nf6 5. Nc3 a6 6. a4 g6 7. Bc4 Bg7 8. 0-0 0-0 9. Bg5 Nc6 10. Nxc6 bxc6 11. Qd3 Qa5 12. Bd2 Qc7 13. b4 d5 14. exd5 cxd5 15. Bxd5 Rd8 16. Bg5 Ng4 17. g3 Bxc3 18. Ra3 Bxb4 19. Bxf7+ Kxf7 20. Qb3+ Be6 21. Qxb4 Qd6 22. Rf3+ Nf6 23. Qh4 Bd5 24. Qxh7+ Ke8 25. Qxg6+ Bf7 26. Qg7 Bc4 27. Re1 Nd5 28. Rf8+ Kd7 29. Bxe7 Nxe7 30. Re5 Re8 31. Qg4+ Kc7 32. Qxc4+ Kb7 33. Qe4+ 1-0

[Event "Muensterland Verbandsliga 0809"]
[Site "Germany"]
[Date "2009.01.31"]
[Round "6.6"]
[White "Lutterbey, Ralf"]
[Black "Stroessner, Lena"]
[Result "1/2-1/2"]
[WhiteElo "1885"]
[BlackElo "1895"]
[PlyCount "81"]
[EventDate "2008.09.20"]
[EventType "tourn"]
[EventRounds "9"]
[EventCountry "GER"]
[SourceTitle "EXT 2010"]
[Source "ChessBase"]
[SourceDate "2010.11.25"]
[SourceVersion "1"]
[SourceVersionDate "2010.11.25"]
[SourceQuality "1"]
[WhiteTeam "Saerbeck"]
[BlackTeam "Olfen"]
[WhiteTeamCountry "GER"]
[BlackTeamCountry "GER"]

1. e4 e6 2. d4 d5 3. c4 dxe4 4. Nc3 Nf6 5. f3 c5 6. d5 exd5 7. cxd5 Bd6 8. Bg5 0-0 9. Nxe4 Re8 10. Qc2 Qa5+ 11. Bd2 Qb6 12. 0-0-0 Nxd5 13. Bc4 Be6 14. Ng5 Nf6 15. N1h3 Be5 16. Nxe6 fxe6 17. Rhe1 Nc6 18. Bc3 Qc7 19. Kb1 h6 20. g4 Nd5 21. g5 Nxc3+ 22. bxc3 b5 23. Bd3 b4 24. gxh6 bxc3 25. Bh7+ Kh8 26. Rxe5 Qb6+ 27. Ka1 Qb2+ 28. Qxb2 cxb2+ 29. Kxb2 Nxe5 30. Be4 Rab8+ 31. Kc3 gxh6 32. Rd6 Rbd8 33. Ra6 Rd7 34. Nf4 Rf7 35. Nxe6 Rfe7 36. Nxc5 Nxf3 37. Rxh6+ Kg7 38. Rg6+ Kh8 39. Rh6+ Kg7 40. Rg6+ Kh8 41. Rh6+ 1/2-1/2

[Event "Muensterland Verbandsliga 0809"]
[Site "Germany"]
[Date "2008.12.13"]
[Round "4.5"]
[White "Pusch, Herbert"]
[Black "Lutterbey, Ralf"]
[Result "0-1"]
[WhiteElo "1583"]
[BlackElo "1885"]
[PlyCount "92"]
[EventDate "2008.09.20"]
[EventType "tourn"]
[EventRounds "9"]
[EventCountry "GER"]
[SourceTitle "EXT 2010"]
[Source "ChessBase"]
[SourceDate "2010.11.25"]
[SourceVersion "1"]
[SourceVersionDate "2010.11.25"]
[SourceQuality "1"]
[WhiteTeam "Stadtlohn"]
[BlackTeam "Saerbeck"]
[WhiteTeamCountry "GER"]
[BlackTeamCountry "GER"]

1. Nf3 d5 2. d4 Nf6 3. Nc3 c5 4. e3 Nc6 5. Bb5 Bg4 6. h3 Bh5 7. Be2 e6 8. a3 Bxf3 9. Bxf3 cxd4 10. exd4 Qb6 11. Ne2 Bd6 12. 0-0 h6 13. c3 g5 14. Ng3 0-0-0 15. b4 e5 16. Nf5 e4 17. Nxd6+ Rxd6 18. Be2 Ne7 19. Be3 Kb8 20. Rc1 Rc8 21. Qb3 Nc6 22. Qa2 Nd7 23. Bg4 Rf8 24. f4 exf3 25. Rxf3 Nf6 26. Bf5 Ne7 27. Qc2 Qa6 28. Bd3 Qxa3 29. Rcf1 Rc8 30. Bd2 Neg8 31. Bh7 Qa6 32. Bxg8 Rxg8 33. Be1 Ka8 34. Qb3 Re8 35. Bg3 Rde6 36. Be5 Ne4 37. Qb2 Qb6 38. Bh2 f6 39. Rf5 Qc6 40. Rc1 Qc4 41. Rf3 h5 42. Rc2 g4 43. hxg4 hxg4 44. Re3 g3 45. Bxg3 Nxg3 46. Rxg3 Re1+ 0-1

[Event "Muensterland Verbandsliga 0809"]
[Site "Germany"]
[Date "2008.09.20"]
[Round "1.6"]
[White "Heine, Rolf"]
[Black "Lutterbey, Ralf"]
[Result "0-1"]
[WhiteElo "2038"]
[BlackElo "1885"]
[PlyCount "84"]
[EventDate "2008.09.20"]
[EventType "tourn"]
[EventRounds "9"]
[EventCountry "GER"]
[SourceTitle "EXT 2010"]
[Source "ChessBase"]
[SourceDate "2010.11.25"]
[SourceVersion "1"]
[SourceVersionDate "2010.11.25"]
[SourceQuality "1"]
[WhiteTeam "Sendenhorst"]
[BlackTeam "Saerbeck"]
[WhiteTeamCountry "GER"]
[BlackTeamCountry "GER"]

1. c4 d5 2. cxd5 Nf6 3. Nc3 Nxd5 4. g3 e6 5. Bg2 Be7 6. Nf3 0-0 7. 0-0 c5 8. d4 Nxc3 9. bxc3 Qa5 10. Qb3 Rd8 11. Rd1 Nc6 12. e4 cxd4 13. cxd4 Qb4 14. Be3 b6 15. Rac1 Bb7 16. d5 exd5 17. exd5 Na5 18. Qxb4 Bxb4 19. Ne5 Rac8 20. Rxc8 Rxc8 21. d6 Bxg2 22. d7 Rd8 23. Kxg2 f6 24. Bf4 Kf8 25. Rc1 fxe5 26. Rc8 Be7 27. Bxe5 Kf7 28. Rc7 Ke6 29. f4 g6 30. g4 Bd6 31. Bxd6 Kxd6 32. Rxa7 Rxd7 33. Ra8 Kc5 34. Rc8+ Kb4 35. Rc2 Nc4 36. Kf3 b5 37. f5 Rf7 38. Ke4 gxf5+ 39. gxf5 Rxf5 40. Kxf5 Ne3+ 41. Kg5 Nxc2 42. Kh6 Ne1 0-1

[Event "Muensterland Verbandsliga 0708"]
[Site "Germany"]
[Date "2008.01.12"]
[Round "5.7"]
[White "Wuestnienhaus, Andreas"]
[Black "Lutterbey, Ralf"]
[Result "1-0"]
[WhiteElo "1889"]
[BlackElo "1916"]
[PlyCount "25"]
[EventDate "2007.09.08"]
[EventType "team-tourn"]
[EventRounds "9"]
[EventCountry "GER"]
[SourceTitle "EXT 2009"]
[Source "ChessBase"]
[SourceDate "2008.11.26"]
[SourceVersion "1"]
[SourceVersionDate "2008.11.26"]
[SourceQuality "1"]
[WhiteTeam "Bocholt"]
[BlackTeam "Saerbeck"]
[WhiteTeamCountry "GER"]
[BlackTeamCountry "GER"]

1. d4 d5 2. c4 e6 3. Nc3 Nf6 4. Bg5 Be7 5. e3 h6 6. Bh4 0-0 7. Rc1 a6 8. cxd5 Nxd5 9. Bg3 Nxc3 10. bxc3 c5 11. Bd3 Qa5 12. Qd2 b5 13. Be4 1-0

[Event "Muensterland Verbandsliga 0708"]
[Site "Germany"]
[Date "2007.11.03"]
[Round "3.5"]
[White "Ehrlich, Hans Georg"]
[Black "Lutterbey, Ralf"]
[Result "0-1"]
[WhiteElo "1934"]
[BlackElo "1916"]
[PlyCount "78"]
[EventDate "2007.09.08"]
[EventType "team-tourn"]
[EventRounds "9"]
[EventCountry "GER"]
[SourceTitle "EXT 2009"]
[Source "ChessBase"]
[SourceDate "2008.11.26"]
[SourceVersion "1"]
[SourceVersionDate "2008.11.26"]
[SourceQuality "1"]
[WhiteTeam "Heiden"]
[BlackTeam "Saerbeck"]
[WhiteTeamCountry "GER"]
[BlackTeamCountry "GER"]

1. b4 d5 2. Bb2 e6 3. Nf3 Nf6 4. a3 a5 5. b5 c5 6. e3 b6 7. c4 Bb7 8. Be2 dxc4 9. Bxc4 Nbd7 10. 0-0 Qc7 11. h3 Bd6 12. Be2 0-0 13. d3 Rac8 14. Nbd2 Rfd8 15. Nc4 Bxf3 16. Bxf3 Ne5 17. Nxd6 Qxd6 18. d4 Nc4 19. Bc3 Nd5 20. Bxd5 Qxd5 21. a4 cxd4 22. Bxd4 e5 23. Bc3 Nxe3 24. fxe3 Rxc3 25. Qxd5 Rxd5 26. Rfd1 Rxd1+ 27. Rxd1 f6 28. Rd6 Rxe3 29. Rxb6 Ra3 30. Ra6 Rxa4 31. Kf2 Ra2+ 32. Ke3 a4 33. Ke4 Rb2 34. b6 a3 35. Kd5 a2 36. Kc6 e4 37. b7 Rc2+ 38. Kb6 Rb2+ 39. Ka7 e3 0-1